| 000 | 00615 a2200217 4500 | ||
|---|---|---|---|
| 003 | NUST | ||
| 005 | 20221223131122.0 | ||
| 010 | _a 86003423 | ||
| 020 | _a0895293234 (pbk.) | ||
| 040 | _cNust | ||
| 082 | 0 | 0 | _a355,SWI |
| 100 | 1 |
_aSwinton, E. D. _937962 |
|
| 245 | 1 | 4 |
_aThe defence of Duffer's Drift / _cErnest Swinton. |
| 260 |
_aWayne, N.J. : _bAvery Pub. Group, _cc1986. |
||
| 300 |
_axii, 72 p. ; _bill. ; _c23 cm. |
||
| 505 | _aContents not Available | ||
| 650 | 0 |
_aGuerrilla warfare. _918957 |
|
| 650 | 0 |
_aSouth African War, 1899-1902. _937963 |
|
| 650 | 0 |
_aTactics. _937945 |
|
| 942 |
_2ddc _cBK _k355,SWI |
||
| 999 |
_c185143 _d185143 |
||